| 000 | 00601 a2200181 4500 | ||
|---|---|---|---|
| 999 |
_c6738 _d6738 |
||
| 020 | _a9789251070734 | ||
| 050 | _aTX 819 MAT 2011 | ||
| 100 |
_a Matthews, Melanie _eauthor |
||
| 245 |
_aSpices and herbs for home and market/ _cMelanie Matthews & Michael Jack |
||
| 264 |
_aRome : _bFAO _c2011 |
||
| 300 |
_a70p. : _bill. |
||
| 500 | _aInclude bibliographical references | ||
| 650 | _aSpice plants -- Developing countries. | ||
| 650 | _aHerb farming -- Developing countries. | ||
| 650 | _aFarms, Small -- Developing countries. | ||
| 700 |
_aJack, Michael _eauthor |
||
| 942 |
_2lcc _cBK _h819 _iMAT _kTX |
||